| 000 | 00341nam a2200145Ia 4500 | ||
|---|---|---|---|
| 005 | 20251222144751.0 | ||
| 008 | 251222s9999||||xx |||||||||||||| ||spa|| | ||
| 020 | _a968-274-7428-0 | ||
| 082 | _a155.7/D87 | ||
| 100 | _aDolle, Jean Marie | ||
| 245 | 0 | _aPara Comprender a Jean Piaget | |
| 250 | _a2a.ed. | ||
| 264 | _bTrillas | ||
| 942 | _cLIB | ||
| 999 |
_c19348 _d19348 |
||